00499nam a22001817a 450000500170000001000150001702000250003203500140005703700090007108200100008010000160009024500420010625000060014826000440015427000880019830000200028649000110030620241202160939.0 aENG-142753 c85.00a9788172089856 aEN-126285 bDBAD a230.2 aBruce, Rita aSathya Sai Parenting/cby Rita Bruce  a1 aA.PbSri Sathya sai Sadhana Trustc2010 bPrasanthi NilayamaAnantapur Districe515134morders@sssbpt.orgk011-287375l287236 a228p.c22cm(pb) vPart 2